Project Overcoat : an exploration of exterior insulation strategies for 1-1/2 story roof applications in cold climates /

Bibliographic Details
Main Author: Ojczyk, Cindy (Author)
Corporate Author: Building America (Program : U.S.) (sponsoring body.)
Format: Government Document eBook
Language:English
Published: Golden, CO : U.S. Department of Energy, Energy Efficiency & Renewable Energy, Building Technologies Program, 2013.
Subjects:
Online Access:https://purl.fdlp.gov/GPO/gpo41647
http://purl.fdlp.gov/GPO/gpo41647

MARC

Tag First Indicator Second Indicator Subfields
LEADER 00000cam a2200000Ii 4500
001 in00003430331
005 20210312122342.0
006 m o d f
007 cr m||||||||||
008 131217s2013 coua ob f000 0 eng d
035 |a (OCoLC)ocn865506989 
043 |a n-us--- 
040 |a GPO  |b eng  |e rda  |e pn  |c GPO  |d MvI 
049 |a WWW 
074 |a 0429-A-90 (online) 
086 0 |a E 1.177:DOE/GO-102013-3751 
088 |a DOE/GO-102013-3751 
100 1 |a Ojczyk, Cindy,  |e author. 
245 1 0 |a Project Overcoat :  |b an exploration of exterior insulation strategies for 1-1/2 story roof applications in cold climates /  |c prepared for the National Renewable Energy Laboratory on behalf of the U.S. Department of Energy's Building America Program, Office of Energy Efficiency and Renewable Energy ; prepared by Cindy Ojczyk [and five others]. 
246 3 |a Project Overcoat :  |b exploration of exterior insulation strategies for one and one half story roof applications in cold climates 
246 3 0 |a Exploration of exterior insulation strategies for 1-1/2 story roof applications in cold climates 
264 1 |a Golden, CO :  |b U.S. Department of Energy, Energy Efficiency & Renewable Energy, Building Technologies Program,  |c 2013. 
300 |a 1 online resource (vii, 66 pages) :  |b color illustrations 
336 |a text  |2 rdacontent 
337 |a computer  |2 rdamedia 
338 |a online resource  |2 rdacarrier 
500 |a Title from title screen (viewed Nov. 21, 2013). 
500 |a "NREL technical monitor: Stacey Rothgeb." 
500 |a "April 2013." 
504 |a Includes bibliographical references (pages 41-43). 
500 |a "DOE/GO-102013-3751." 
536 |a NREL contract no.  |b DE-AC36-08GO28308; prepared under subcontract no. KNDJ-0-40338-00 
650 0 |a Roofing  |x Thermal properties  |z United States. 
650 0 |a Dwellings  |x Insulation  |z United States. 
650 0 |a Dwellings  |x Energy consumption  |z United States. 
650 0 |a House construction  |x Environmental aspects  |z United States. 
710 2 |a National Renewable Energy Laboratory (U.S.),  |e issuing body. 
710 2 |a Building America (Program : U.S.),  |e sponsoring body. 
710 2 |a Building Technologies Program (U.S.),  |e issuing body. 
856 4 0 |u https://purl.fdlp.gov/GPO/gpo41647  |t 0 
856 4 0 |u http://purl.fdlp.gov/GPO/gpo41647  |t 0 
999 f f |s 9474f8af-41b2-31a3-8054-f178be142604  |i 0d1410b3-e928-34d7-a5e0-0d3400fcea24  |t 0 
952 f f |a Texas A&M University  |b College Station  |c Electronic Resources  |d Available Online  |t 0  |e E 1.177:DOE/GO-102013-3751  |h Superintendent of Documents classification 
998 f f |a E 1.177:DOE/GO-102013-3751  |t 0  |l Available Online